[Event "GBR-ch108 Senior 65+"]
[Site "Torquay"]
[Date "2022.08.19"]
[Round "5.19"]
[White "Johnson, Richard J"]
[Black "Vickery, Jim E"]
[Result "1/2-1/2"]
[WhiteElo "1828"]
[BlackElo "1927"]
[PlyCount "29"]
[EventDate "2022.08.15"]
[EventType "swiss"]
[EventRounds "7"]
[EventCountry "GBR"]
[SourceTitle "BritBase"]
[Source "John Saunders"]
[SourceDate "2021.06.05"]
[SourceVersion "1"]
[SourceVersionDate "2021.06.05"]
[SourceQuality "1"]
[WhiteTeam "England"]
[BlackTeam "England"]
[WhiteTeamCountry "ENG"]
[BlackTeamCountry "ENG"]

1. e4 Nf6 2. e5 Nd5 3. d4 d6 4. Nf3 Bg4 5. Bc4 e6 6. O-O Nc6 7. Bxd5 exd5 8.
exd6 Bxd6 9. Re1+ Be7 10. c3 O-O 11. Bf4 Bd6 12. Bxd6 Qxd6 13. Nbd2 Rfe8 14.
Qb3 b6 15. Qd1 1/2-1/2

[Event "GBR-ch108 Senior 65+"]
[Site "Torquay"]
[Date "2022.08.19"]
[Round "5.23"]
[White "Jerome, Stellio"]
[Black "Ingham, H William"]
[Result "0-1"]
[WhiteElo "1441"]
[BlackElo "1842"]
[PlyCount "130"]
[EventDate "2022.08.15"]
[EventType "swiss"]
[EventRounds "7"]
[EventCountry "GBR"]
[SourceTitle "BritBase"]
[Source "John Saunders"]
[SourceDate "2021.06.05"]
[SourceVersion "1"]
[SourceVersionDate "2021.06.05"]
[SourceQuality "1"]
[WhiteTeam "England"]
[BlackTeam "England"]
[WhiteTeamCountry "ENG"]
[BlackTeamCountry "ENG"]

1. g4 e5 2. h3 d5 3. Bg2 c6 4. d4 e4 5. c4 Be6 6. Nc3 Bb4 7. Bd2 Ne7 8. Nxe4
Bxd2+ 9. Nxd2 h5 10. gxh5 Nf5 11. Ndf3 Nd7 12. c5 Qc7 13. e3 O-O-O 14. Ne2 Nf6
15. Ng5 Nxh5 16. Bf3 Nh4 17. Bxh5 Rxh5 18. Nxe6 fxe6 19. Nf4 Rh6 20. Qg4 Qe7
21. O-O-O Kb8 22. Rhg1 Nf5 23. Ng6 Qc7 24. Qf4 Rxh3 25. Qxc7+ Kxc7 26. Nf4 Rh6
27. Rg2 Rd7 28. Rdg1 Rf6 29. Rg6 Re7 30. Nd3 Rxg6 31. Rxg6 Kd8 32. Kd2 Re8 33.
Nf4 Kd7 34. f3 Re7 35. Nd3 Re8 36. Ne5+ Ke7 37. Kd3 Rg8 38. b4 Nh6 39. a4 Nf7
40. Nxf7 Kxf7 41. Rg4 Rh8 42. Rg2 Rh1 43. Ra2 Rf1 44. f4 Rb1 45. Kc3 Kf6 46.
Rb2 Ra1 47. Kb3 Re1 48. b5 Rxe3+ 49. Kb4 Re4 50. bxc6 Rxd4+ 51. Kb5 bxc6+ 52.
Kxc6 Rxa4 53. Kb7 Rxf4 54. c6 Rc4 55. c7 e5 56. c8=Q Rxc8 57. Kxc8 e4 58. Kd7
Ke5 59. Kc6 e3 60. Rg2 d4 61. Rxg7 d3 62. Re7+ Kd4 63. Rd7+ Kc3 64. Kd5 e2 65.
Rc7+ Kd2 0-1

[Event "GBR-ch108 Senior 65+"]
[Site "Torquay"]
[Date "2022.08.19"]
[Round "5.26"]
[White "Collins, Peter M"]
[Black "Norman, Dinah M"]
[Result "0-1"]
[WhiteElo "1831"]
[BlackElo "1670"]
[PlyCount "52"]
[EventDate "2022.08.15"]
[EventType "swiss"]
[EventRounds "7"]
[EventCountry "GBR"]
[SourceTitle "BritBase"]
[Source "John Saunders"]
[SourceDate "2021.06.05"]
[SourceVersion "1"]
[SourceVersionDate "2021.06.05"]
[SourceQuality "1"]
[WhiteTeam "England"]
[BlackTeam "England"]
[WhiteTeamCountry "ENG"]
[BlackTeamCountry "ENG"]

1. c4 e6 2. g3 d5 3. cxd5 exd5 4. Bg2 Nf6 5. d4 c6 6. Nf3 Be7 7. O-O O-O 8. b3
Bf5 9. Bb2 h6 10. Nbd2 Nbd7 11. Ne5 Nb6 12. Re1 Nc8 13. Nf1 Bb4 14. Nd2 Qa5 15.
Bc1 Bc3 16. b4 Qxb4 17. a3 Qb6 18. Ra2 Bxd4 19. Rf1 Bxe5 20. Nf3 Bc3 21. Be3
Qc7 22. Qb3 Ba5 23. Nd4 Bh7 24. Rc1 Qd7 25. Bf4 Bb6 26. Qc3 Nd6 0-1

[Event "GBR-ch108 Senior 65+"]
[Site "Torquay"]
[Date "2022.08.19"]
[Round "5.30"]
[White "Pride, Stephen C"]
[Black "Tidmarsh, David A"]
[Result "1/2-1/2"]
[WhiteElo "1587"]
[BlackElo "1802"]
[PlyCount "35"]
[EventDate "2022.08.15"]
[EventType "swiss"]
[EventRounds "7"]
[EventCountry "GBR"]
[SourceTitle "BritBase"]
[Source "John Saunders"]
[SourceDate "2021.06.05"]
[SourceVersion "1"]
[SourceVersionDate "2021.06.05"]
[SourceQuality "1"]
[WhiteTeam "England"]
[BlackTeam "England"]
[WhiteTeamCountry "ENG"]
[BlackTeamCountry "ENG"]

1. d4 d5 2. Bf4 e6 3. e3 Nf6 4. Nc3 a6 5. Bd3 c5 6. dxc5 Bxc5 7. h3 Nc6 8. a3
Bd6 9. Bxd6 Qxd6 10. Na4 Ne5 11. Be2 Bd7 12. Nc3 Qc7 13. Nf3 Nxf3+ 14. Bxf3 Bc6
15. O-O O-O 16. Qd2 Rfd8 17. Qd4 Rac8 18. Rfd1 1/2-1/2

[Event "GBR-ch108 Senior 65+"]
[Site "Torquay"]
[Date "2022.08.20"]
[Round "6.1"]
[White "Nunn, John D M"]
[Black "Burnett, Jim"]
[Result "1-0"]
[WhiteElo "2577"]
[BlackElo "2056"]
[PlyCount "55"]
[EventDate "2022.08.15"]
[EventType "swiss"]
[EventRounds "7"]
[EventCountry "GBR"]
[SourceTitle "BritBase"]
[Source "John Saunders"]
[SourceDate "2021.06.05"]
[SourceVersion "1"]
[SourceVersionDate "2021.06.05"]
[SourceQuality "1"]
[WhiteTeam "England"]
[BlackTeam "England"]
[WhiteTeamCountry "ENG"]
[BlackTeamCountry "ENG"]

1. e4 e6 2. d4 d5 3. Nc3 Bb4 4. e5 c5 5. a3 Bxc3+ 6. bxc3 Ne7 7. a4 Qc7 8. Nf3
b6 9. Bb5+ Bd7 10. Bd3 Nbc6 11. O-O h6 12. Re1 O-O 13. Ba3 Na5 14. Nh4 f5 15.
exf6 Rxf6 16. Qg4 Rc8 17. Qg3 Qxg3 18. hxg3 Rc7 19. Nf3 Bc8 20. dxc5 bxc5 21.
Rab1 Nb7 22. c4 d4 23. Bc1 Nc6 24. Bf4 Re7 25. Be4 Nb4 26. Be5 Rff7 27. Nxd4
cxd4 28. Rxb4 1-0

[Event "GBR-ch108 Senior 65+"]
[Site "Torquay"]
[Date "2022.08.20"]
[Round "6.2"]
[White "Norman, Kenneth I"]
[Black "Jackson, Oliver A"]
[Result "0-1"]
[WhiteElo "2117"]
[BlackElo "2066"]
[PlyCount "60"]
[EventDate "2022.08.15"]
[EventType "swiss"]
[EventRounds "7"]
[EventCountry "GBR"]
[SourceTitle "BritBase"]
[Source "John Saunders"]
[SourceDate "2021.06.05"]
[SourceVersion "1"]
[SourceVersionDate "2021.06.05"]
[SourceQuality "1"]
[WhiteTeam "England"]
[BlackTeam "England"]
[WhiteTeamCountry "ENG"]
[BlackTeamCountry "ENG"]

1. Nf3 d6 2. d4 Nf6 3. c4 g6 4. g3 Bg7 5. Bg2 O-O 6. Nc3 Nbd7 7. O-O e5 8. e4
exd4 9. Nxd4 Re8 10. h3 a6 11. Re1 Rb8 12. Rb1 h6 13. b3 Nc5 14. Bb2 Bd7 15. a4
Qc8 16. Kh2 h5 17. f3 h4 18. g4 Nh7 19. f4 g5 20. Nf5 Bxf5 21. gxf5 gxf4 22.
Nd5 Be5 23. Qg4+ Kh8 24. Qxh4 Qd8 25. Qxd8 Rexd8 26. Nxf4 b5 27. axb5 axb5 28.
Bf1 Ng5 29. Bg2 bxc4 30. b4 c3 0-1

[Event "GBR-ch108 Senior 65+"]
[Site "Torquay"]
[Date "2022.08.20"]
[Round "6.3"]
[White "De Coverly, Roger D"]
[Black "James, Geoffrey H"]
[Result "0-1"]
[WhiteElo "1918"]
[BlackElo "2118"]
[PlyCount "76"]
[EventDate "2022.08.15"]
[EventType "swiss"]
[EventRounds "7"]
[EventCountry "GBR"]
[SourceTitle "BritBase"]
[Source "John Saunders"]
[SourceDate "2021.06.05"]
[SourceVersion "1"]
[SourceVersionDate "2021.06.05"]
[SourceQuality "1"]
[WhiteTeam "England"]
[BlackTeam "England"]
[WhiteTeamCountry "ENG"]
[BlackTeamCountry "ENG"]

1. Nf3 Nf6 2. g3 b6 3. Bg2 Bb7 4. O-O e6 5. d3 d5 6. Nbd2 Be7 7. e4 c5 8. e5
Nfd7 9. Re1 Nc6 10. Qe2 Qc7 11. h4 h6 12. c4 d4 13. Nf1 a6 14. N1h2 b5 15. b3
bxc4 16. bxc4 Nb6 17. Bf4 Na4 18. Nd2 Nb4 19. Ne4 Nc3 20. Nxc3 dxc3 21. Bxb7
Qxb7 22. a3 Nc6 23. Rab1 Qc7 24. h5 O-O 25. Ng4 Bg5 26. Bxg5 hxg5 27. Qe4 Rab8
28. Rbc1 Rb3 29. h6 Nd4 30. hxg7 Kxg7 31. Qe3 Kg6 32. Nf6 Qb7 33. Ne4 Qe7 34.
Kg2 Rh8 35. Rxc3 Rb2 36. Qc1 Re2 37. Qd1 Rxe1 38. Qxe1 Rh2+ 0-1

[Event "GBR-ch108 Senior 65+"]
[Site "Torquay"]
[Date "2022.08.20"]
[Round "6.4"]
[White "Hutchinson, Paul A"]
[Black "Chandler, Cliff R"]
[Result "1-0"]
[WhiteElo "2083"]
[BlackElo "2244"]
[PlyCount "59"]
[EventDate "2022.08.15"]
[EventType "swiss"]
[EventRounds "7"]
[EventCountry "GBR"]
[SourceTitle "BritBase"]
[Source "John Saunders"]
[SourceDate "2021.06.05"]
[SourceVersion "1"]
[SourceVersionDate "2021.06.05"]
[SourceQuality "1"]
[WhiteTeam "England"]
[BlackTeam "England"]
[WhiteTeamCountry "ENG"]
[BlackTeamCountry "ENG"]

1. d4 d5 2. Bf4 Bg4 3. Nd2 Nc6 4. c3 e6 5. Qa4 Bd6 6. Bg3 Nf6 7. Bh4 Be7 8.
Ngf3 Nd7 9. Bg3 O-O 10. e3 Bf5 11. b4 a6 12. Qb3 b5 13. a4 Nb6 14. axb5 axb5
15. Rc1 Nc4 16. Nb1 Ra4 17. Nfd2 Qa8 18. e4 dxe4 19. Nxc4 bxc4 20. Bxc4 Nxb4
21. cxb4 Rxb4 22. Qe3 c5 23. dxc5 Rc8 24. O-O Bxc5 25. Qe2 e3 26. fxe3 Bxb1 27.
Ba6 Bxe3+ 28. Qxe3 Rxc1 29. Rxc1 Qxa6 30. Qc5 1-0

[Event "GBR-ch108 Senior 65+"]
[Site "Torquay"]
[Date "2022.08.20"]
[Round "6.5"]
[White "Costello, Colin A"]
[Black "Footner, Andrew F"]
[Result "0-1"]
[WhiteElo "1866"]
[BlackElo "1995"]
[PlyCount "60"]
[EventDate "2022.08.15"]
[EventType "swiss"]
[EventRounds "7"]
[EventCountry "GBR"]
[SourceTitle "BritBase"]
[Source "John Saunders"]
[SourceDate "2021.06.05"]
[SourceVersion "1"]
[SourceVersionDate "2021.06.05"]
[SourceQuality "1"]
[WhiteTeam "England"]
[BlackTeam "England"]
[WhiteTeamCountry "ENG"]
[BlackTeamCountry "ENG"]

1. c4 e5 2. g3 Nc6 3. Bg2 g6 4. Nc3 Bg7 5. Nf3 d6 6. O-O h5 7. d4 exd4 8. Nb5
a6 9. Nbxd4 Nxd4 10. Nxd4 h4 11. Be3 Nh6 12. c5 hxg3 13. cxd6 gxf2+ 14. Bxf2
Qxd6 15. e3 Ng4 16. Bg3 Be5 17. Qf3 f5 18. Rad1 Nxh2 19. Bxh2 Bxh2+ 20. Kf2 Qb6
21. Qd5 Bd7 22. Nf3 O-O-O 23. Ng5 Bf4 24. Qxb7+ Qxb7 25. Bxb7+ Kxb7 26. exf4
Bb5 27. Kg3 Bxf1 28. Rxf1 Rd3+ 29. Nf3 Re8 30. Kg2 Re2+ 0-1

[Event "GBR-ch108 Senior 65+"]
[Site "Torquay"]
[Date "2022.08.20"]
[Round "6.7"]
[White "Milnes, Anthony C P"]
[Black "Hewson, Brian W R"]
[Result "1/2-1/2"]
[WhiteElo "1957"]
[BlackElo "2026"]
[PlyCount "51"]
[EventDate "2022.08.15"]
[EventType "swiss"]
[EventRounds "7"]
[EventCountry "GBR"]
[SourceTitle "BritBase"]
[Source "John Saunders"]
[SourceDate "2021.06.05"]
[SourceVersion "1"]
[SourceVersionDate "2021.06.05"]
[SourceQuality "1"]
[WhiteTeam "England"]
[BlackTeam "England"]
[WhiteTeamCountry "ENG"]
[BlackTeamCountry "ENG"]

1. f4 d5 2. Nf3 Nf6 3. e3 Bg4 4. Be2 Nc6 5. d4 e6 6. O-O Ne4 7. Ne5 Bxe2 8.
Qxe2 g6 9. Nc3 Nd6 10. Nxc6 bxc6 11. e4 dxe4 12. Nxe4 Bg7 13. c3 Nxe4 14. Qxe4
Qd5 15. Re1 O-O 16. b3 Rfd8 17. Ba3 Bf8 18. Bxf8 Kxf8 19. Qe5 Qxe5 20. Rxe5 Rd5
21. Kf2 Rad8 22. Ke3 Ke7 23. Rc1 f6 24. Rxd5 cxd5 25. c4 dxc4 26. Rxc4 1/2-1/2

[Event "GBR-ch108 Senior 65+"]
[Site "Torquay"]
[Date "2022.08.20"]
[Round "6.8"]
[White "Habershon, Paul F"]
[Black "Girdlestone, Paul C"]
[Result "0-1"]
[WhiteElo "1949"]
[BlackElo "2023"]
[PlyCount "94"]
[EventDate "2022.08.15"]
[EventType "swiss"]
[EventRounds "7"]
[EventCountry "GBR"]
[SourceTitle "BritBase"]
[Source "John Saunders"]
[SourceDate "2021.06.05"]
[SourceVersion "1"]
[SourceVersionDate "2021.06.05"]
[SourceQuality "1"]
[WhiteTeam "England"]
[BlackTeam "England"]
[WhiteTeamCountry "ENG"]
[BlackTeamCountry "ENG"]

1. d4 Nf6 2. c4 e6 3. Nc3 Bb4 4. Qc2 c5 5. dxc5 Na6 6. Nf3 O-O 7. Bd2 Nxc5 8.
e3 b6 9. Bd3 Nxd3+ 10. Qxd3 Ba6 11. Qd4 Rc8 12. b3 d5 13. Nb5 Bxd2+ 14. Nxd2
dxc4 15. bxc4 Bxb5 16. cxb5 Qxd4 17. exd4 Rc2 18. Nb3 Rfc8 19. O-O Kf8 20. Rfe1
Nd5 21. Kf1 Ke7 22. a4 Rb2 23. Nc1 Nb4 24. Re2 Rcc2 25. Rxc2 Rxc2 26. Ne2 Kd6
27. a5 bxa5 28. Rxa5 Ra2 29. Rxa2 Nxa2 30. Ke1 Kd5 31. Kd2 Kc4 32. Kc2 Nb4+ 33.
Kd2 Nd5 34. Kc2 Kxb5 35. Kb3 a5 36. Ng3 f5 37. Nh5 g6 38. Ng7 a4+ 39. Ka3 Nc7
40. f3 h5 41. g3 Ka5 42. Ka2 Kb4 43. h3 Kc4 44. Ka3 Kxd4 45. Kxa4 Ke3 46. g4
hxg4 47. fxg4 f4 0-1

[Event "GBR-ch108 Senior 65+"]
[Site "Torquay"]
[Date "2022.08.20"]
[Round "6.9"]
[White "Mildenhall, John"]
[Black "Bray, David"]
[Result "0-1"]
[WhiteElo "1898"]
[BlackElo "2006"]
[PlyCount "40"]
[EventDate "2022.08.15"]
[EventType "swiss"]
[EventRounds "7"]
[EventCountry "GBR"]
[SourceTitle "BritBase"]
[Source "John Saunders"]
[SourceDate "2021.06.05"]
[SourceVersion "1"]
[SourceVersionDate "2021.06.05"]
[SourceQuality "1"]
[WhiteTeam "England"]
[BlackTeam "England"]
[WhiteTeamCountry "ENG"]
[BlackTeamCountry "ENG"]

1. e4 c5 2. Nf3 Nc6 3. d4 cxd4 4. Nxd4 e6 5. Nxc6 bxc6 6. Bd3 d5 7. O-O Ne7 8.
c4 d4 9. f4 g6 10. f5 exf5 11. Bg5 Bg7 12. Bxe7 Qxe7 13. exf5 O-O 14. Qf3 Bxf5
15. Bxf5 gxf5 16. Qxf5 Rab8 17. Qf2 Qe3 18. Qxe3 dxe3 19. Nc3 Rxb2 20. Rac1 e2
0-1

[Event "GBR-ch108 Senior 65+"]
[Site "Torquay"]
[Date "2022.08.20"]
[Round "6.10"]
[White "Myall, Ivan J"]
[Black "Michaud, Gerald"]
[Result "1-0"]
[WhiteElo "1983"]
[BlackElo "1871"]
[PlyCount "95"]
[EventDate "2022.08.15"]
[EventType "swiss"]
[EventRounds "7"]
[EventCountry "GBR"]
[SourceTitle "BritBase"]
[Source "John Saunders"]
[SourceDate "2021.06.05"]
[SourceVersion "1"]
[SourceVersionDate "2021.06.05"]
[SourceQuality "1"]
[WhiteTeam "England"]
[BlackTeam "Canada"]
[WhiteTeamCountry "ENG"]
[BlackTeamCountry "CAN"]

1. e4 e6 2. d4 d5 3. e5 c5 4. c3 Nc6 5. Be3 Qb6 6. Qd2 c4 7. Nf3 Qa5 8. Be2
Nge7 9. O-O Nf5 10. Qc2 Nxe3 11. fxe3 Be7 12. Nbd2 Bd7 13. b3 b5 14. a4 b4 15.
bxc4 dxc4 16. Nxc4 Qc7 17. cxb4 Nxb4 18. Qe4 Bc6 19. Qg4 O-O 20. Ng5 Bd5 21.
Rac1 Rac8 22. e4 Bxc4 23. Rxc4 Qb6 24. Kh1 Rxc4 25. Bxc4 Bxg5 26. Qxg5 Qxd4 27.
Be2 h6 28. Qg3 Nc6 29. h3 Qxe5 30. Qxe5 Nxe5 31. Rc1 Rd8 32. Rc5 f6 33. Rc7 Rd7
34. Rc8+ Kf7 35. Bb5 Re7 36. Kh2 f5 37. Rc5 Kf6 38. exf5 Kxf5 39. Kg3 Ke4 40.
Rc3 Kd4 41. Rc8 Nf7 42. Rc6 Kd5 43. Rc1 Nd6 44. Bc6+ Kd4 45. Rd1+ Kc5 46. Rc1+
Kb6 47. Bf3 Rc7 48. a5+ 1-0

[Event "GBR-ch108 Senior 65+"]
[Site "Torquay"]
[Date "2022.08.20"]
[Round "6.11"]
[White "Newton, Robert A"]
[Black "Thynne, Trefor F"]
[Result "1/2-1/2"]
[WhiteElo "1976"]
[BlackElo "1884"]
[PlyCount "40"]
[EventDate "2022.08.15"]
[EventType "swiss"]
[EventRounds "7"]
[EventCountry "GBR"]
[SourceTitle "BritBase"]
[Source "John Saunders"]
[SourceDate "2021.06.05"]
[SourceVersion "1"]
[SourceVersionDate "2021.06.05"]
[SourceQuality "1"]
[WhiteTeam "England"]
[BlackTeam "England"]
[WhiteTeamCountry "ENG"]
[BlackTeamCountry "ENG"]

1. d4 d5 2. c4 c6 3. Nf3 Nf6 4. Nc3 dxc4 5. a4 Bf5 6. e3 e6 7. Bxc4 Bb4 8. Bd2
O-O 9. O-O Nbd7 10. Nh4 Qe7 11. Nxf5 exf5 12. Qc2 g6 13. Rae1 Rae8 14. f3 Qd6
15. g3 a6 16. Bb3 Re7 17. Kg2 c5 18. Na2 Bxd2 19. Qxd2 Rfe8 20. d5 Nb6 1/2-1/2

[Event "GBR-ch108 Senior 65+"]
[Site "Torquay"]
[Date "2022.08.20"]
[Round "6.13"]
[White "Dennis, Nigel W"]
[Black "Stimpson, Philip M"]
[Result "1/2-1/2"]
[WhiteElo "1814"]
[BlackElo "1950"]
[PlyCount "106"]
[EventDate "2022.08.15"]
[EventType "swiss"]
[EventRounds "7"]
[EventCountry "GBR"]
[SourceTitle "BritBase"]
[Source "John Saunders"]
[SourceDate "2021.06.05"]
[SourceVersion "1"]
[SourceVersionDate "2021.06.05"]
[SourceQuality "1"]
[WhiteTeam "England"]
[BlackTeam "England"]
[WhiteTeamCountry "ENG"]
[BlackTeamCountry "ENG"]

1. e4 d5 2. exd5 Nf6 3. d4 Bg4 4. Be2 Bxe2 5. Nxe2 Qxd5 6. O-O Nc6 7. c3 O-O-O
8. Nd2 Qh5 9. Ng3 Qxd1 10. Rxd1 e5 11. dxe5 Nxe5 12. Re1 Nd3 13. Re2 Bc5 14.
Nb3 Bxf2+ 15. Rxf2 Nxf2 16. Kxf2 Ng4+ 17. Kg1 Rd1+ 18. Nf1 Nxh2 19. Kxh2 Rxf1
20. Be3 Rxa1 21. Nxa1 Re8 22. Bd2 Re2 23. Nb3 a5 24. a4 b5 25. Kg3 bxa4 26. Kf3
Re5 27. Nd4 Kd7 28. g3 Rh5 29. Ke4 Rh2 30. Kd3 Rg2 31. Ne2 Rh2 32. c4 h5 33.
Bxa5 h4 34. gxh4 Rxh4 35. Bd2 f6 36. Nc3 g5 37. Nxa4 g4 38. Nc5+ Kc6 39. Ne6 g3
40. Nd4+ Kd7 41. Nf3 g2 42. Be3 Rg4 43. b3 Ke6 44. Bg1 Rg8 45. b4 Rg3 46. Ke2
Rg4 47. Nd2 Kd7 48. b5 c6 49. Kf3 f5 50. bxc6+ Kxc6 51. c5 Kd5 52. Nb3 Rb4 53.
Nd2 Rb5 1/2-1/2

[Event "GBR-ch108 Senior 65+"]
[Site "Torquay"]
[Date "2022.08.20"]
[Round "6.15"]
[White "Vickery, Jim E"]
[Black "Bellers, Chris J"]
[Result "0-1"]
[WhiteElo "1927"]
[BlackElo "1901"]
[PlyCount "114"]
[EventDate "2022.08.15"]
[EventType "swiss"]
[EventRounds "7"]
[EventCountry "GBR"]
[SourceTitle "BritBase"]
[Source "John Saunders"]
[SourceDate "2021.06.05"]
[SourceVersion "1"]
[SourceVersionDate "2021.06.05"]
[SourceQuality "1"]
[WhiteTeam "England"]
[BlackTeam "England"]
[WhiteTeamCountry "ENG"]
[BlackTeamCountry "ENG"]

1. d4 g6 2. c4 Bg7 3. Nc3 c5 4. Nf3 cxd4 5. Nxd4 Nc6 6. Nc2 Bxc3+ 7. bxc3 Qa5
8. Bd2 Nf6 9. f3 d6 10. e4 Ne5 11. Ne3 O-O 12. Qb3 Nfd7 13. Qb4 Nc6 14. Qb5 Nc5
15. Be2 Bd7 16. O-O Qa3 17. Qb1 Rac8 18. Rc1 b6 19. Rc2 Rfe8 20. Be1 f6 21. Bf2
Ne5 22. Qb4 Qa6 23. Rd2 Be6 24. a4 Nc6 25. Qa3 Na5 26. Rb2 Nxc4 27. Nxc4 Bxc4
28. Bxc4+ Qxc4 29. a5 Nd3 30. Rb3 Nxf2 31. Kxf2 b5 32. a6 Rc6 33. Rab1 Rb8 34.
Qb4 Qxb4 35. Rxb4 Rxa6 36. c4 Rab6 37. Rxb5 Rxb5 38. cxb5 Rb6 39. Ra1 Rxb5 40.
Rxa7 Kf7 41. Kg3 Rb2 42. h3 h5 43. h4 g5 44. hxg5 fxg5 45. Ra5 Kg6 46. Ra7 Kf6
47. Ra5 e6 48. Ra8 d5 49. exd5 exd5 50. Rh8 h4+ 51. Kh3 d4 52. Rd8 Ke5 53. g3
Rb3 54. gxh4 gxh4 55. Rf8 d3 56. Rd8 Kf4 57. Kxh4 Kxf3 0-1

[Event "GBR-ch108 Senior 65+"]
[Site "Torquay"]
[Date "2022.08.20"]
[Round "6.17"]
[White "Bonafont, Philip R"]
[Black "Fryer, David W"]
[Result "1-0"]
[WhiteElo "2001"]
[BlackElo "1875"]
[PlyCount "45"]
[EventDate "2022.08.15"]
[EventType "swiss"]
[EventRounds "7"]
[EventCountry "GBR"]
[SourceTitle "BritBase"]
[Source "John Saunders"]
[SourceDate "2021.06.05"]
[SourceVersion "1"]
[SourceVersionDate "2021.06.05"]
[SourceQuality "1"]
[WhiteTeam "England"]
[BlackTeam "England"]
[WhiteTeamCountry "ENG"]
[BlackTeamCountry "ENG"]

1. d4 Nf6 2. Nf3 d6 3. g3 Nbd7 4. Bg2 e5 5. O-O c6 6. c4 Be7 7. Nc3 O-O 8. e4
a6 9. a4 a5 10. h3 exd4 11. Nxd4 Nc5 12. Be3 Re8 13. b3 Bf8 14. Qc2 Qe7 15.
Rfe1 Nfxe4 16. Nxe4 Nxe4 17. Bf4 Qf6 18. Bxe4 Qxd4 19. Bxh7+ Kh8 20. Rxe8 Qxa1+
21. Qb1 Qxb1+ 22. Bxb1 g5 23. Bxd6 1-0

[Event "GBR-ch108 Senior 65+"]
[Site "Torquay"]
[Date "2022.08.20"]
[Round "6.18"]
[White "Whiteside, Robert"]
[Black "Ingham, H William"]
[Result "1-0"]
[WhiteElo "1816"]
[BlackElo "1842"]
[PlyCount "135"]
[EventDate "2022.08.15"]
[EventType "swiss"]
[EventRounds "7"]
[EventCountry "GBR"]
[SourceTitle "BritBase"]
[Source "John Saunders"]
[SourceDate "2021.06.05"]
[SourceVersion "1"]
[SourceVersionDate "2021.06.05"]
[SourceQuality "1"]
[WhiteTeam "England"]
[BlackTeam "England"]
[WhiteTeamCountry "ENG"]
[BlackTeamCountry "ENG"]

1. e4 d6 2. c4 Nf6 3. Nc3 c6 4. d4 Nbd7 5. Be3 e5 6. Nge2 Be7 7. f3 Qb6 8. Qd2
Qa5 9. Nc1 a6 10. Nb3 Qc7 11. Be2 O-O 12. O-O b5 13. d5 b4 14. Nd1 c5 15. a3
Rb8 16. axb4 Rxb4 17. Na5 Bb7 18. Qc2 Ba8 19. Bd2 Rbb8 20. Nc3 Nh5 21. Rfb1 g6
22. Qa4 Nb6 23. Qa3 Nf4 24. Bf1 Bg5 25. Nb3 Qe7 26. Qxa6 Nbxd5 27. Nb5 Nc7 28.
Qa5 Nxb5 29. cxb5 Ne6 30. Bxg5 Qxg5 31. Qd2 Qxd2 32. Nxd2 Nd4 33. Ra5 f5 34.
Bc4+ Kg7 35. Ra7+ Kh6 36. Rba1 fxe4 37. fxe4 Bb7 38. R1a3 Bc8 39. R3a5 Bg4 40.
h3 Be2 41. b3 Bxc4 42. bxc4 Ne2+ 43. Kh2 Rf2 44. Nf3 Rf8 45. Ne1 Nc3 46. b6 Rb8
47. b7 Rb2 48. Ra3 Nxe4 49. R7a6 R8xb7 50. Re3 Nd2 51. Rc3 R2b6 52. Ra2 Ne4 53.
Re3 Nf6 54. Rf2 Kg7 55. Nf3 Rb2 56. Rf1 R2b3 57. Re2 Rc3 58. Nd2 Rb2 59. Rxf6
Rxd2 60. Rxd2 Kxf6 61. Rxd6+ Kf5 62. Rd7 e4 63. Rd5+ Kf4 64. Rxc5 e3 65. Rc8
Rxc4 66. Rxc4+ Ke5 67. Kg1 Kd5 68. Ra4 1-0

[Event "GBR-ch108 Senior 65+"]
[Site "Torquay"]
[Date "2022.08.20"]
[Round "6.19"]
[White "Collinson, Mark I"]
[Black "Johnson, Richard J"]
[Result "1/2-1/2"]
[WhiteElo "1854"]
[BlackElo "1828"]
[PlyCount "59"]
[EventDate "2022.08.15"]
[EventType "swiss"]
[EventRounds "7"]
[EventCountry "GBR"]
[SourceTitle "BritBase"]
[Source "John Saunders"]
[SourceDate "2021.06.05"]
[SourceVersion "1"]
[SourceVersionDate "2021.06.05"]
[SourceQuality "1"]
[WhiteTeam "England"]
[BlackTeam "England"]
[WhiteTeamCountry "ENG"]
[BlackTeamCountry "ENG"]

1. d4 d6 2. g3 g6 3. Bg2 Bg7 4. e4 c6 5. Ne2 Nf6 6. Nbc3 O-O 7. f3 e5 8. Be3
Nbd7 9. Qd2 d5 10. O-O-O exd4 11. Bxd4 dxe4 12. fxe4 Qe7 13. Nf4 Ne5 14. h3
Nfd7 15. Qf2 b6 16. Bf1 Bb7 17. Be2 Rad8 18. g4 Rfe8 19. h4 Nf8 20. h5 Bc8 21.
hxg6 fxg6 22. Bxe5 Rxd1+ 23. Nxd1 Bxe5 24. Bc4+ Be6 25. Nxe6 Nxe6 26. Rf1 Kg7
27. Bxe6 Qxe6 28. Kb1 Qe7 29. a3 Rf8 30. Qe2 1/2-1/2

[Event "GBR-ch108 Senior 65+"]
[Site "Torquay"]
[Date "2022.08.20"]
[Round "6.20"]
[White "Moore, Gillian A"]
[Black "Reuben, Stewart"]
[Result "1/2-1/2"]
[WhiteElo "1768"]
[BlackElo "1946"]
[PlyCount "72"]
[EventDate "2022.08.15"]
[EventType "swiss"]
[EventRounds "7"]
[EventCountry "GBR"]
[SourceTitle "BritBase"]
[Source "John Saunders"]
[SourceDate "2021.06.05"]
[SourceVersion "1"]
[SourceVersionDate "2021.06.05"]
[SourceQuality "1"]
[WhiteTeam "England"]
[BlackTeam "England"]
[WhiteTeamCountry "ENG"]
[BlackTeamCountry "ENG"]

1. d4 c5 2. d5 e6 3. e4 Nf6 4. Nc3 d6 5. Nf3 Be7 6. Bb5+ Bd7 7. Qd3 a6 8. Bxd7+
Qxd7 9. a4 b6 10. O-O O-O 11. h3 Ra7 12. Bf4 e5 13. Bh2 Nh5 14. Ne2 f5 15. exf5
Qxf5 16. Qxf5 Rxf5 17. c4 Nd7 18. Nd2 Nf4 19. Nxf4 exf4 20. Rfe1 Nf6 21. Re6
Kf7 22. Rae1 Ng8 23. g4 Rf6 24. b3 g5 25. Nf3 h6 26. h4 Rxe6 27. Rxe6 Rd7 28.
Kg2 Bf6 29. Nd2 Be7 30. f3 Nf6 31. hxg5 hxg5 32. Bg1 Bf8 33. Bf2 Re7 34. Rxe7+
Kxe7 35. Kf1 Bg7 36. Ke2 Kf7 1/2-1/2